عرض عادي عرض مارك
  • التفاعل الاجتماعي

مدخل مصطلح موضوعي

عدد التسجيلات المستخدمة في: 1

001 - رقم الضبط

  • حقل الضبط: 63234

003 - معرف رقم الضبط

  • حقل الضبط: OSt

005 - تاريخ ووقت أخر عملية

  • حقل الضبط: 20180427160430.0

008 - عناصر بيانات ثابتة الطول

  • حقل تحكم ثابت الطول: 180427|| aca||aabn | a|a d

040 ## - مصدر الفهرسة

  • هيئة الفهرسة الأصلية: OSt
  • وكالة الكتابة: OSt

150 ## - مدخل-- مصطلح تاريخي

  • عنصر مدخل المصطلح الموضوعي او الاسم الجغرافي: التفاعل الاجتماعي

670 ## - بيانات المصدر موجوده

  • الاستشهاد بالمصدر: Work cat.: (OSt)42258: 62985 الصالحي، حاتم علي, العلاقات العامة والاتصال التفاعلي عبر المواقع الإلكترونية والاجتماعية /, 2018.